000 02393cam a22006134i 4500
003 PE-LiUPU
005 20250731180154.0
008 150706s2010 sp a rb 001 0 spa d
035 _a(Sirsi) a53504
040 _aPE-LiUPU
_bspa
_cPE-LiUPU
_erda
049 _aPRUA
082 0 4 _a551.5
_bZ952010
_221
100 1 _aZúñiga López, Ignacio,
_eautor.
245 1 0 _aMeteorología y climatología /
_cIgnacio Zúñiga López y Emilia Grespo del Arco.
250 _aSegunda edición.
264 1 _aMadrid :
_bUniversidad Nacional de Educación a Distancia,
_c2010.
300 _a251 páginas :
_bilustraciones ;
_c24 cm.
336 _atext
_2rdacontent
337 _aunmediated
_2rdamedia
338 _avolume
_2rdacarrier
490 0 _aUnidades didácticas
504 _aBibliografía: página 245.
504 _aÍndice: páginas 247-251.
505 0 _aLa atmósfera -- La radiación solar -- La temperatura -- La estabilidad atmosférica -- Dinámica atmosférica -- La circulación en la atmósfera -- Masas y frentes -- El océano y el clima -- Clasificación climática -- Cambio climático.
526 _aSEG44
526 _aSEG26
526 _aP159
526 _aP155
526 _aP154
526 _aP153
526 _aP150
526 _aP100
526 _aP31
526 _aP30
526 _aP26
526 _aP25
526 _aP24
526 _aP22
526 _aP15
526 _aP10
541 _g015-0016195;
650 0 4 _aMeteorología .
_92446
650 0 4 _aClimatología .
_92244
700 1 _aCrespo del Arco, Emilia,
_eautor.
710 2 _aUniversidad Nacional de Educación a Distancia
910 _agl
_bjv
_d20111121
942 _2ddc
_cBOOK
949 _a551.5 Z95 2010
_wDEWEY
_c1
_i69222
_lCCODEBUL1
_mBUL
_p25.00
_r0
_sY
_tLIBRO
_u2015-07-06
_xINGENIERIA
_PP24
_o.STAFF. Colección General
994 _aC0
_bPEPRU
596 _a1 2
999 _a551.5 Z95 2010
_wDEWEY
_c56223
_i69222
_d56223
_e2019-7-24
_f2021-11-9
_g7
_lCCODEBUL1
_mBUL
_n7
_p25.00
_q2
_r0
_sY
_tBOOK
_u2015-7-6
_xINGENIERIA
_PP24
_0COMPRA
_o.STAFF. Colección General
999 _a551 Z95 2010
_wDEWEY
_c1
_iFT02389
_lCCODEBUT1
_mBUT
_p30.00
_r0
_sY
_tBOOK
_u2016-2-22
_xINGENIERIA
_PP24
_0COMPRA
_o.STAFF. Colección General
980 _81
_gALBERTO SANCHEZ Responsable de Automatización